000 00648nam a2200241Ia 4500
005 20250508165029.0
008 008 250505s9999 xx 000 0 eng d
020 _a81-215-0572-0
037 _aTextual
040 _aFEDL
_beng
_cFEDL
041 _aeng
_2eng
084 _a589.2, ALE
_qFEDL
100 _aAlexopoulos Constantine J
_9779758
245 0 _aIntroductory mycology
250 _a3
260 _aNew Delhi, India
_bWiley Eastern Limited
_c1993
300 _axviii,632p.
365 _aINR
_b125
546 _aMACESE
700 _a Mims Chales W
_9779759
942 _cTEXL
_h589.2, ALE
999 _c1392746
_d1392746